000 00665nam a2200193 i 4500
001 99794
003 ES-MaACL
005 20230906182545.0
007 t|
008 050915s1967 sp ||||1| spa d
100 1 _aMartínez Fernández, Jesús.
_978080
245 1 0 _aNavia remota y actual
_b: datos y referencias para su historia /
_cJesús Martínez Fernández.
260 _aOviedo :
_b[s.n.],
_c1967 (
_f"La Cruz")
300 _a1 v., 14 lám. ;
_c25 cm.
500 _aEs el t. 2º.
505 8 _aContiene: II. Siglo XX (primera parte) Actividades y hombres. 67 p., 1 h., lám.
651 4 _aNavia-
_xHistoria.
_9169108
852 _aES-MaACL
_jP-1195
_bR.64008
999 _c99794
_d99794